000 00703cam a22002413a 4500
001 6858
003 PGUSA
005 20140828083137.0
008 041101s2004||||xxu|||||s|||||000 1 eng d
040 _aPGUSA
_beng
042 _adc
050 4 _aPZ
100 1 _aChase, Josephine,
_d-1931
245 1 0 _aGrace Harlowe's Second Year at Overton College
_h[electronic resource] /
_cJosephine Chase
260 _bProject Gutenberg,
_c2004
506 _aPublic domain in the USA.
516 _aElectronic text
653 _aWomen college students -- Juvenile fiction
653 _aCollege stories
830 0 _aProject Gutenberg
_v6858
856 4 0 _uhttp://www.gutenberg.org/ebooks/6858
942 _cEB
999 _c236178
_d236178